| 000 | 00842cam a22002771i 4500 | ||
|---|---|---|---|
| 001 | 19584 | ||
| 003 | BD-RjUL | ||
| 005 | 20211209000442.0 | ||
| 008 | 140225s1941 nyua 000 0 eng d | ||
| 035 | _a(BD-RjUL)19644 | ||
| 035 | _a(OCoLC)3566021 | ||
| 040 |
_aDLC _cDNIE _dDLC _dBD-RjUL _beng |
||
| 041 | _aeng | ||
| 082 | 0 | 0 |
_a823 _bLAN 1941 |
| 245 | 1 | 0 |
_aLandscapes / _ceditors: Ruth Dawson Samson, Sara Compher Klippert ; advisors: Marquis E. Shattuck, Walter R. Northcott. |
| 260 |
_aNew York : _bHarper & Brothers, _c1941. |
||
| 300 |
_axviii, 584 p. : _bill. |
||
| 490 | 0 | _aThe world of books | |
| 500 | _a"First edition". | ||
| 650 | 0 |
_aReaders. _960175 |
|
| 700 | 1 |
_aKlippert, Sara Compher, _ejoint ed. _960176 |
|
| 700 | 1 |
_aSamson, Ruth Dawson, _960177 |
|
| 942 |
_2ddc _cBK |
||
| 999 |
_c19584 _d19584 |
||